|
|
|
|
| LEADER |
00000nab a2200000 a 4500 |
| 001 |
vtls000003884 |
| 003 |
SK-MaSNL |
| 005 |
20260304063310.0 |
| 008 |
250422c1978 xo 0 slo |
| 015 |
|
|
|a SNBRB19rr/mm-uuuuu
|
| 035 |
|
|
|a CL0013977
|
| 035 |
|
|
|a urn:nbn:sk:snk-ab6kg2
|
| 035 |
|
|
|a (uuid)94ffb47b-36d7-4fe3-980d-9048a67c8244
|
| 035 |
|
|
|a (urnnbn)urn:nbn:sk:snk:ar-0059z5
|
| 035 |
|
|
|a (sysno)vtls000003884
|
| 040 |
|
|
|a SNKBUCL
|b slo
|c SNKBUCL
|e AACR2
|
| 041 |
0 |
|
|a slo
|
| 044 |
|
|
|a xo
|c SK
|
| 080 |
|
|
|a 616.3
|2 1981
|
| 080 |
|
|
|a 616.9
|2 1981
|
| 100 |
1 |
|
|a Zacharová, M.
|4 aut
|9 922595
|
| 245 |
1 |
0 |
|a Analýza výskytu ochorení na vírusovú hepatitídu na Slovensku r. 1976 vzhľadom na anamnézu a nález HBsAg
|c M. Zacharová, A. Milošovičová
|
| 300 |
|
|
|b Tb. 6. Res. rus., nem., angl.
|
| 650 |
0 |
7 |
|a vírusová hepatitída
|2 snkbucl
|9 92387
|
| 650 |
0 |
7 |
|a vírusy
|2 snkbucl
|9 687
|
| 655 |
|
7 |
|a články z novín a časopisov
|2 snkbucl
|9 267496
|
| 700 |
1 |
|
|a Milošovičová, Angela
|4 aut
|9 757558
|
| 773 |
0 |
|
|t Lekársky obzor
|g Roč. 27, č. 6 (1978), s. 323-328
|
| 850 |
|
|
|a Slovenská národná knižnica
|
| 852 |
|
|
|a Slovenská národná knižnica
|
| 954 |
|
|
|a odborná, vedecká literatúra pôvodná (slovenská)
|2 lita
|
| 958 |
|
|
|a article2022
|
| 958 |
|
|
|a OND
|
| 958 |
|
|
|a RK
|
| 958 |
|
|
|a MI
|
| 958 |
|
|
|a EUIPO
|
| 992 |
|
|
|a RBX
|
| 999 |
|
|
|c 2742012
|d 2743942
|